|
|
|
|
| LEADER |
01064nam a2200253 a 4500 |
| 001 |
3450520 |
| 008 |
090803s1993 coua 001 0 eng d |
| 010 |
|
|
|a 92028346
|
| 020 |
|
|
|a 0962506346
|
| 040 |
|
|
|a DLC
|c DLC
|d DLC
|
| 082 |
0 |
0 |
|a 910/.285
|2 20
|
| 100 |
1 |
|
|a Montgomery, Glenn E.,
|d 1951-
|
| 245 |
1 |
0 |
|a GIS data conversion handbook /
|c Glenn E. Montgomery, Harold C. Schuch.
|
| 260 |
|
|
|a Ft. Collins, CO :
|b GIS World,
|c 1993.
|
| 300 |
|
|
|a xxvii, 292 p. :
|b ill. ;
|c 24 cm.
|
| 500 |
|
|
|a Includes index.
|
| 541 |
1 |
|
|e 00007761
|
| 650 |
|
0 |
|a Geographic information systems.
|
| 650 |
|
0 |
|a Database management.
|
| 700 |
1 |
|
|a Schuch, Harold C.,
|d 1943-
|
| 852 |
4 |
|
|a Ayesha Abed Library
|j General shelf
|
| 999 |
|
|
|c 3005
|d 3005
|
| 952 |
|
|
|0 0
|1 0
|2 ddc
|4 0
|6 910_285000000000000_MON
|7 0
|9 2720
|a BRACUL
|b BRACUL
|c GEN
|d 2009-08-18
|g 0.00
|l 0
|o 910.285 MON
|p 3010007761
|r 2009-08-18
|t 1
|w 2009-08-18
|y BK
|x No price found in the accession register.
|
| 952 |
|
|
|0 0
|1 0
|2 ddc
|4 0
|6 910_285000000000000_MON
|7 0
|9 43348
|a SCL
|b SCL
|c GEN
|d 2005-04-11
|l 0
|o 910.285 MON
|p 3020005383
|r 2017-11-20
|t 2
|w 2014-07-22
|y BK
|